000 00433nam a2200181Ia 4500
003 GCL
008 140319s9999 xx 000 0 eng d
040 _aGCL /
_cGCL
082 0 4 _a43
_bH O
100 1 _aHOMERE
245 1 0 _aOCLYSSEE /
_cHOMERE
260 _a[S.N] :
_bLE LIVRE DE POCHE ،
_c1992
300 _a256 P
490 _aLE LIVRE DE POCHE
_v0
650 0 4 _aLITERATURE
650 0 4 _aFRENCH LITERATURE
942 _2ddc
_cBK
999 _c22979
_d22979